000 00282 a2200133 4500
000 nam a22 7a 4500
100 _aScott F. Gilbert
110 _aScott F. Gilbert
245 _aDevelopmental Biology
250 _a12th
260 _c2025
264 _c2025
942 _cBK
999 _c394959
_d394959